000 00188 a2200097 4500
020 _a9789681652777
041 _aspa
100 _aAnthony Browne
245 _aWilly el Soądor
942 _cK
999 _c31320
_d31318